|
|
|
|
| LEADER |
00000nab a2200000 a 4500 |
| 001 |
vtls000409250 |
| 003 |
SK-MaSNL |
| 005 |
20260303213435.0 |
| 008 |
120924c1991 xo 0 slo |
| 015 |
|
|
|a SNBRB19rr/mm-uuuuu
|
| 035 |
|
|
|a CL0409374
|
| 040 |
|
|
|a SNKBUCL
|b slo
|c SNKBUCL
|e AACR2
|
| 041 |
0 |
|
|a slo
|
| 044 |
|
|
|a xo
|c SK
|
| 080 |
|
|
|a 621.31.(437.6):620.98
|2 1981
|
| 080 |
|
|
|a 620.98
|2 1981
|
| 100 |
1 |
|
|a Altmanskij-Rymarevič, Vladimír
|4 aut
|9 1247368
|
| 245 |
1 |
0 |
|a Jaslovské Bohunice? Gabčíkovo? Wolfsthal?
|c Vladimír Altmanskij-Rymarevič
|
| 300 |
|
|
|b Fot. 3.
|
| 650 |
0 |
7 |
|a elektrická energia
|2 snkbucl
|9 67407
|
| 655 |
|
7 |
|a články z novín a časopisov
|2 snkbucl
|9 267496
|
| 773 |
0 |
|
|t Technické noviny
|g Roč. 39, č. 5 (1991), s. 1 a 3
|
| 850 |
|
|
|a Slovenská národná knižnica v Martine
|a MTA001
|
| 852 |
|
|
|a SNK
|b KIS3GCP
|
| 958 |
|
|
|a RK
|
| 992 |
|
|
|a RBX
|
| 999 |
|
|
|c 2212115
|d 2214045
|